000 00284nam a22001337a 4500
008 180903b xxu||||| |||| 00| 0 eng d
020 _a9780735577275
041 _aeng
080 _a331
100 _a58
101 _aBIZ
245 _aBusiness Planning
_cMaynard
942 _2udc
_cBK
999 _c47492
_d47492